000 00480cam a2200181ua 4500
001 4212
008 200819n ii |||gr||||Z||||||asm
040 _cMAIN
082 _a891.4513
100 _aBargohain, Homen,
_eEditor.,
245 _aAsamiya galpa sankalan
_ced. by Homen Bargohain
250 _a2nd.
260 _aGuwahati:
_bPublication board assam,
_c2007.
300 _a342p:
_c23cm.
653 _aAssamese short stories
653 _aAsamiya galpa sankalan
942 _cBK
999 _c4034
_d4034